Con la literatura en el cuerpo (Record no. 9266)

MARC details
000 -CABECERA
campo de control de longitud fija 00920nam a2200241 a 4500
001 - NÚMERO DE CONTROL
campo de control BRL_454
005 - FECHA Y HORA DE LA ÚLTIMA TRANSACCIÓN
campo de control 20190320210741.0
008 - DATOS DE LONGITUD FIJA--INFORMACIÓN GENERAL
campo de control de longitud fija 140813s1995----mx-a######---#001-j#spa-#
020 ## - NÚMERO INTERNACIONAL ESTÁNDAR DEL LIBRO
Número Internacional Estándar del Libro 9681902467
041 ## - CÓDIGO DE LENGUA
Código de lengua del texto/banda sonora o título independiente spa
044 ## - CÓDIGO DEL PAÍS DE LA ENTIDAD EDITORA/PRODUCTORA
Código MARC del país mx
050 #4 - SIGNATURA TOPOGRÁFICA DE LA BIBLIOTECA DEL CONGRESO
Número de clasificación PN37
Número de documento/Ítem .R89 1995
100 1# - ENTRADA PRINCIPAL--NOMBRE DE PERSONA
Nombre de persona Ruy Sánchez, Alberto
9 (RLIN) 2550
245 10 - MENCIÓN DE TÍTULO
Título Con la literatura en el cuerpo
Resto del título historias de literatura y melancolía
Mención de responsabilidad, etc. Alberto Ruy Sánchez.
260 ## - PUBLICACIÓN, DISTRIBUCIÓN, ETC.
Lugar de publicación, distribución, etc. México
Nombre del editor, distribuidor, etc. Taurus
Fecha de publicación, distribución, etc. 1995
Lugar de fabricación/manufactura México
300 ## - DESCRIPCIÓN FÍSICA
Extensión 235 p.
Otras características físicas il.
Dimensiones 21 p.
Material acompañante/anejo incluye programa de la presentación del libro en el restaurante-bar la tirana, e invitación para Ruth Lechuga para la predentación del libro impresa en papel craft
500 ## - NOTA GENERAL
Nota general incluye dedicatoria para Ruth Lechuga, escrita en la portada del libro
500 ## - NOTA GENERAL
Nota general Au492
500 ## - NOTA GENERAL
Nota general Incluye índice analítico.
650 14 - PUNTO DE ACCESO ADICIONAL DE MATERIA--TÉRMINO DE MATERIA
Término de materia o nombre geográfico como elemento de entrada Literatura
Subdivisión general Discursos, ensayos, conferencias
9 (RLIN) 23962
902 ## - CATALOGADOR
Iniciales GRL
942 ## - ELEMENTOS DE PUNTO DE ACCESO ADICIONAL (KOHA)
Fuente del sistema de clasificación o colocación Library of Congress Classification
Tipo de ítem Koha Libros
Holdings
Estado de retiro Estado de pérdida Estado dañado No para préstamo Localización permanente Ubicación/localización actual Fecha de adquisición Número de inventario Total de préstamos Signatura topográfica completa Código de barras Fecha visto por última vez Precio válido a partir de Tipo de ítem Koha
El ejemplar forma parte de la colección y puede ser consultado según las políticas vigentes.       Biblioteca Centro de Estudios Ruth D. Lechuga Biblioteca Centro de Estudios Ruth D. Lechuga 14/08/2013 Au492   PN37 .R89 1995 (Au492) GRL00489 22/03/2019 22/03/2019 Libros